=LDR 00000nam 2200000 4500 =001 INLIS000000000049997 =005 20241223075607 =035 ##$$a 0010-041700000000187 =008 241223###########################0###### =020 ##$$a 978 - 602 - 180 - 350 - 9 =040 ##$$a NBPDMAT =082 ##$$a 320.959 865 =090 ##$$a 320.959 865 Sar p =100 ##$$a Sarjono =245 1#$$a Politik Tuan Guru Bajang : $b Fajar Kebangkitan Demokrasi di Lombok /$c Sarjono =260 ##$$a Malang :$b Enzal Press,$c 2012 =300 ##$$a xxxi, 172 hlm. ; $c 19 cm. =650 #4$$a Politik - NTB =084 ##$$a 320.959 865 SAR p =520 ##$$a Bibliografi : hlm 159 - 163 =520 ##$$a Apa yang terjadi di Lombok Nusa Tenggara Barat setelah orde baru Soeharto kalah dan patah ? Secara khusus penulis menguraikan berbagai fenomena yang terjadi dalam pilkada Gubernur ntb 2008. Bagi siapapun yang ingin maju dalam Pilkada baik di Provinsi maupun pilkada kabupaten/kota, bahwa untuk memenangkan sebuah pilkada tidak bisa hanya berpangku tangan harus ada ikhtiar yang dilakukan oleh mereka yang bertarung dalam sebuah pilkada baik dari diri pasangan calon maupun oleh tim yang dibentuk untuk mendukung maupun oleh organisasi atau kelompok sosial dari mana seseorang calon berasal. Hingga saat ini gelar TGB selalu melekat di depan namanya bahkan tidak hanya itu TGB sudah menjadi salah satu identitas organisasi yang beranggotakan entitas politik yang menjadi salah satu sayap politik kemenangan menjadi Gubernur NTB dengan raihan suara telak, 38% . TGB sudah membuat keputusan politik yang sangat besar yaitu dengan memilih Partai Demokrat. Keputusan ini luar biasa. Jarang seorang liai hijrah dari partai Islam menuju partai nasionalis-religius kecuali TGB. Sebagai seorang politisi muda, anggapan politisasi kebijakannya pun muncul ketika gencar-gencarnya membangun monument Masjid yang bernama “ Ismac Center” banyak kalangan bertingkah polah menanggapi langkahnya. Adapun strategi yang dijalankan TGB Center sebagai salah satu pilar pemenangan TGB pada pilkada NTB 2008 : 1. Menentukan komposisi tim pemenangan dari TGB center di masing-masing level . 2. Mengadakan training program dan tata cara kerja yang difasilitasi oleh tim sukses dari nunsur partai. 3. Menentukan rencana kerja secara tersetruktur dan terorganisasi 4. Memetakan keadaan masyarakat di tiap-tiap daerah se-NTB Tujuannya untuk memudahkan membuat rencana dan program kerja. 5. Membuat program kerja yang akan dilaksanakan oleh tiap-tiap individu tim TGB center sebelum diaplikasikan di lapangan 6. Membuat jadwal dan membagi tugas secara proporsional. Membangun opini publik sebelum kampanye edengan 10 strategi, salah satunya adalah mempromosikan TGB secara langsung ke pelbagai lapisan masyarakat melalui marketing polities yang ditempuh dengan mobilisasi segenap segenap potensi kader. Kata kunci: Melekatnya identitas TGB di kalangan masyarakat NTB, strategi dan promosi =990 ##$$a 21605350 =990 ##$$a 21605351 =990 ##$$a 21605352 =990 ##$$a 21605353 =990 ##$$a 21605354